Les nits del Palau Güell = Las noches del Palau Güell = Nights at Palau Güell = Les nuits du Palau Güell : [2024] [2024]
Descripción Física:
1 tríptic ; il. col. ; 21 cm.
Materias:
Palau Güell (Barcelona) -- Activitats culturals
; Concerts (Execució musical) -- Programes
; Fulletons
Idioma:
Catalán , Español , English , French
MARC
| LEADER | 00000nam a22000007a 4500 | ||
|---|---|---|---|
| 001 | 28851 | ||
| 003 | AGDB | ||
| 005 | 20260324181531.0 | ||
| 008 | 230515b spa||||| |||| 00| 0 cat d | ||
| 017 | |a B 10800-2024 | ||
| 040 | |a agdb |b cat | ||
| 041 | |a cat |a spa |a eng |a fre | ||
| 110 | 2 | |9 17034 |a Palau Güell (Barcelona) | |
| 245 | |a Les nits del Palau Güell = Las noches del Palau Güell = Nights at Palau Güell = Les nuits du Palau Güell : |b [2024] | ||
| 260 | |a Barcelona : |b Palau Güell : |b Diputació de Barcelona ; |c 2024 | ||
| 300 | |a 1 tríptic ; |b il. col. ; |c 21 cm. | ||
| 500 | |a Programació dels concerts de les Nits del Palau Güell del 27 de juny al 25 de juliol de 2024. | ||
| 610 | 2 | 0 | |9 52964 |a Palau Güell (Barcelona) |x Activitats culturals |
| 650 | 0 | |2 Arxiu |9 43539 |a Concerts (Execució musical) |x Programes | |
| 655 | 0 | |a Fulletons |9 55858 | |
| 710 | 1 | |a Barcelona (Catalunya : Província). |b Diputació |9 52408 | |
| 942 | |2 udc |c ARXIU |n 1 | ||
| 952 | |0 0 |1 0 |4 0 |6 FU7870 |7 1 |9 98066 |a Arxiu |b Arxiu |d 2025-05-12 |l 0 |o FU-78-70 |p 28851 |r 2025-05-12 00:00:00 |w 2025-05-12 |y ARXIU | ||
| 999 | |c 129849 |d 129849 | ||